| 000 | 00684nam a22001697a 4500 | ||
|---|---|---|---|
| 008 | 120404s1984 ua|||||r|||| 000 0 ara d | ||
| 020 | _a9771240544 | ||
| 082 |
_a611.84 _bم ص ط |
||
| 100 |
_929579 _aمصطفى ، محمود صلاح الدين |
||
| 245 |
_aأسرار العيون / _cمحمود صلاح الدين مصطفى |
||
| 260 |
_aالقاهرة : _bمؤسسة أخبار اليوم ، _c[1984؟] |
||
| 300 |
_a156 ص : _bأيض ؛ _c15 سم |
||
| 650 |
_929580 _aالعيون |
||
| 653 |
_bGeneral _cApril2012 |
||
| 942 |
_2ddc _cBB |
||
| 999 |
_c16632 _d16632 |
||